Re-imagining imprisonment in Europe: effects, failures and the future
| Autor Corporativo: | |
|---|---|
| Otros Autores: | |
| Tipo de documento: | Print Libro |
| Lenguaje: | Inglés |
| Publicado: |
Dublin
Liffey Press
2014
|
| En: | Año: 2014 |
| Acceso en línea: |
Índice Blurb (Publisher) |
| Disponibilidad en Tübingen: | Disponible en Tübingen. UB: KB 20 A 6852 |
| Verificar disponibilidad: | HBZ Gateway |
| Servicio de pedido Subito: | Pedir ahora. |
| Palabras clave: |
MARC
| LEADER | 00000cam a2200000 c 4500 | ||
|---|---|---|---|
| 001 | 1609346785 | ||
| 003 | DE-627 | ||
| 005 | 20240509190857.0 | ||
| 007 | tu | ||
| 008 | 140611s2014 xx ||||| 00| ||eng c | ||
| 020 | |a 9781908308566 |9 978-1-908308-56-6 | ||
| 035 | |a (DE-627)1609346785 | ||
| 035 | |a (DE-576)40782670X | ||
| 035 | |a (DE-599)BSZ40782670X | ||
| 035 | |a (OCoLC)882962108 | ||
| 040 | |a DE-627 |b ger |c DE-627 |e rakwb | ||
| 041 | |a eng | ||
| 084 | |a 2,1M |a 1 |2 ssgn | ||
| 245 | 0 | 0 | |a Re-imagining imprisonment in Europe |b effects, failures and the future |c [Jesuit Centre for Faith & Justice]. Ed. by Eoin Carroll ... |
| 264 | 1 | |a Dublin |b Liffey Press |c 2014 | |
| 300 | |a XXXII, 272 S. | ||
| 336 | |a Text |b txt |2 rdacontent | ||
| 337 | |a ohne Hilfsmittel zu benutzen |b n |2 rdamedia | ||
| 338 | |a Band |b nc |2 rdacarrier | ||
| 583 | 1 | |a Archivierung/Langzeitarchivierung gewährleistet |f SSG |x XA-DE-BW |2 pdager |5 DE-21 | |
| 655 | 7 | |a Konferenzschrift |y 2012 |z Dublin |0 (DE-588)1071861417 |0 (DE-627)826484824 |0 (DE-576)433375485 |2 gnd-content | |
| 689 | 0 | 0 | |d g |0 (DE-588)4015701-5 |0 (DE-627)104289007 |0 (DE-576)208913092 |a Europa |2 gnd |
| 689 | 0 | 1 | |d s |0 (DE-588)4057808-2 |0 (DE-627)106149415 |0 (DE-576)20912377X |a Strafvollzug |2 gnd |
| 689 | 0 | 2 | |d s |0 (DE-588)4018332-4 |0 (DE-627)104222239 |0 (DE-576)208923853 |a Freiheitsstrafe |2 gnd |
| 689 | 0 | |5 (DE-627) | |
| 700 | 1 | |a Carroll, Eoin |e Hrsg. |0 (DE-588)1053943210 |0 (DE-627)790819066 |0 (DE-576)407826602 |4 edt | |
| 710 | 2 | |a Jesuit Centre for Faith and Justice |g Dublin |0 (DE-588)10138837-8 |0 (DE-627)512776881 |0 (DE-576)254463762 |4 oth | |
| 856 | 4 | 2 | |u https://swbplus.bsz-bw.de/bsz40782670Xinh.htm |m B:DE-576;DE-21 |q application/pdf |v 20140724102512 |x Verlag |3 Inhaltsverzeichnis |7 1 |
| 856 | 4 | 2 | |u https://swbplus.bsz-bw.de/bsz40782670Xkla.htm |m B:DE-576;DE-21 |q application/pdf |v 20140724102513 |x Verlag |3 Klappentext |7 1 |
| 951 | |a BO | ||
| ELC | |b 1 | ||
| LOK | |0 000 xxxxxcx a22 zn 4500 | ||
| LOK | |0 001 3144026832 | ||
| LOK | |0 003 DE-627 | ||
| LOK | |0 004 1609346785 | ||
| LOK | |0 005 20140721154407 | ||
| LOK | |0 008 140611||||||||||||||||ger||||||| | ||
| LOK | |0 040 |a DE-21 |c DE-627 |d DE-21 | ||
| LOK | |0 852 |a DE-21 | ||
| LOK | |0 852 1 |c KB 20 A 6852 |9 00 | ||
| LOK | |0 935 |a krim |a theo | ||
| LOK | |0 936ln |a k12.1 | ||
| LOK | |0 936ln |a t8 | ||
| LOK | |0 936ln |a t7.5 | ||
| LOK | |0 938 |a 1407 |f 34 | ||
| LOK | |0 939 |a 11-06-14 |b l01 | ||
| ORI | |a SA-MARC-krimdoka001.raw | ||
| SIG | |a UB: KB 20 A 6852 | ||
| TIM | |a 100020120101_100020121231 |b 2012 - 2012 | ||
